مكتبة جامعة عجلون الوطنية

فهرس بحث المكتبة

On The Locations of The Zeros of Polynomials / (Record no. 33597)

MARC details
000 -LEADER
fixed length control field 00747nam a22002057a 4500
003 - CONTROL NUMBER IDENTIFIER
control field JO-AjAnu
005 - DATE AND TIME OF LATEST TRANSACTION
control field 20240709104704.0
008 - FIXED-LENGTH DATA ELEMENTS--GENERAL INFORMATION
fixed length control field 240708b jo ||||| |||| 00| 0 ara d
040 ## - CATALOGING SOURCE
Original cataloging agency JO-AjAnu
Language of cataloging eng
Transcribing agency JO-AjAnu
Description conventions rda
041 ## - LANGUAGE CODE
Language code of text/sound track or separate title eng
Language code of original eng
050 ## - LIBRARY OF CONGRESS CALL NUMBER
Classification number QA37.2
Item number 2024
100 #1 - MAIN ENTRY--PERSONAL NAME
Personal name Darabkeh, Ahmad Mousa
Relator term prepared
9 (RLIN) 66094
245 #0 - TITLE STATEMENT
Title On The Locations of The Zeros of Polynomials /
Statement of responsibility, etc. Preparation Ahmad Mousa Darabkeh - Supervisor Mohammad Al-Hawari
260 ## - PUBLICATION, DISTRIBUTION, ETC.
Date of publication, distribution, etc. 2024
300 ## - PHYSICAL DESCRIPTION
Extent 56 paper
500 ## - GENERAL NOTE
General note University thesis (Master’s thesis in mathematics), Ajloun National University (Ajloun, Jordan), College of Science, 2024
650 70 - SUBJECT ADDED ENTRY--TOPICAL TERM
Topical term or geographic name entry element Polynomials
9 (RLIN) 66095
700 #1 - ADDED ENTRY--PERSONAL NAME
Personal name Al-hawari mohammad
9 (RLIN) 66046
Relator term Supervisor
942 ## - ADDED ENTRY ELEMENTS (KOHA)
Source of classification or shelving scheme Library of Congress Classification
Koha item type Thesis
Suppress in OPAC No
Holdings
Withdrawn status Lost status Source of classification or shelving scheme Damaged status Not for loan Home library Current library Date acquired Total Checkouts Full call number Barcode Date last seen Price effective from Koha item type
    Library of Congress Classification     مكتبة جامعة عجلون الوطنية مكتبة جامعة عجلون الوطنية 08/07/2024   QA37.2 2024 e3801 08/07/2024 08/07/2024 Thesis
    Library of Congress Classification     مكتبة جامعة عجلون الوطنية مكتبة جامعة عجلون الوطنية 08/07/2024   QA37.2 2024 e3802 08/07/2024 08/07/2024 Thesis